书目信息 |
| 题名: |
俄国工人阶级状况
|
|
| 作者: | 弗列罗夫斯基 著 | |
| 分册: | ||
| 出版信息: | 北京 商务印书馆 1984.10 |
|
| 页数: | 606页 | |
| 开本: | 32开 | |
| 丛书名: | ||
| 单 册: | ||
| 中图分类: | F151.26 | |
| 科图分类: | ||
| 主题词: | 经济--世界 , 经济史--世界 , 经济地理--世界 | |
| 电子资源: | ||
| ISBN: | 7-100-01557-X | |
| 000 | 00663nam0 2200217 45 | |
| 001 | 0009191509 | |
| 005 | 20000919152449.0 | |
| 010 | @a7-100-01557-X@d21.80元 | |
| 100 | @a20000919d1984 km y0chiy0120 ea | |
| 101 | 0 | @achi |
| 105 | @a z 000yy | |
| 200 | 1 | @a俄国工人阶级状况@AE Guo Gong Ren Jie Ji Zhuang Kuang@f(俄)弗列罗夫斯基著;陈瑞铭译@F(E)Fu Lie Luo Fu Si Ji Zhu;Chen Rui Ming Yi |
| 210 | @a北京@c商务印书馆@d1984.10 | |
| 215 | @a606页@d32开 | |
| 606 | 0 | @a经济@x世界 |
| 606 | 0 | @a经济史@x世界 |
| 606 | 0 | @a经济地理@x世界 |
| 690 | @aF151.26@v3 | |
| 701 | 0 | @a弗列罗夫斯基@4著 |
| 801 | @aCN@bPftUser@c20000919 | |
| 905 | @b148653-655@dF151.26@eF479@f3 | |
| 俄国工人阶级状况/(俄)弗列罗夫斯基著;陈瑞铭译.-北京:商务印书馆,1984.10 |
| 606页;32开 |
| ISBN 7-100-01557-X:21.80元 |
| ● |
| 相关链接 |
|
|
|
正题名:俄国工人阶级状况
索取号:F151.26/F479
 
预约/预借
| 序号 | 登录号 | 条形码 | 馆藏地/架位号 | 状态 | 备注 |
| 1 | 148653 | 201486533 | 社科库409/409社科库 71排3列4层/ [索取号:F151.26/F479] | 在馆 | |
| 2 | 148654 | 201486542 | 社科二线422/409社科库 71排3列4层/ [索取号:F151.26/F479] | 在馆 | |
| 3 | 148655 | 201486551 | 社科二线422/409社科库 71排3列4层/ [索取号:F151.26/F479] | 在馆 |